عرض عادي
عرض مارك
- الحمود ، سعد بن عبدالرحمن بن ابراهيم
مدخل إسم شخص
001 - رقم الضبط
- حقل الضبط: 34560
003 - معرف رقم الضبط
- حقل الضبط: OSt
005 - تاريخ ووقت أخر عملية
- حقل الضبط: 20130317103627.0
008 - عناصر بيانات ثابتة الطول
- حقل تحكم ثابت الطول: 130317|||a|||||| | ||| d
040 ## - مصدر الفهرسة
- هيئة الفهرسة الأصلية: OSt
- وكالة الكتابة: OSt
100 ## - مدخل -- أسم شخص
- إسم شخص: الحمود ، سعد بن عبدالرحمن بن ابراهيم
670 ## - بيانات المصدر موجوده
- الاستشهاد بالمصدر: Work cat.: (OSt): الحمود ، سعد بن عبدالرحمن بن ابراهيم, معالم القيادة في الاحاديث النبوية كما ورد ت في صحيح الامام مسلم و تطبيقاتها التربوية /, 1999
